[Event "NACHOD NIKI OPEN 2008"]
[Site "Nachod"]
[Date "2008.??.??"]
[Round "9.16"]
[White "Neoral, Antonin"]
[Black "Malec, Jan"]
[Result "0-1"]
[WhiteElo "2160"]
[BlackElo "2050"]
[PlyCount "148"]
[EventDate "2008.06.28"]

1. e4 d6 2. d4 Nf6 3. Nc3 c6 4. f3 Na6 5. Bxa6 bxa6 6. Qd3 Bb7 7. Nge2 e6 8. g4
Be7 9. h4 Nd7 10. h5 c5 11. Be3 Bh4+ 12. Bf2 Bxf2+ 13. Kxf2 Rc8 14. Rad1 c4 15.
Qd2 Nb6 16. Qf4 Qc7 17. Qg5 f6 18. Qe3 Rf8 19. Nf4 Qe7 20. d5 e5 21. Nfe2 Kd7
22. Ng3 Kc7 23. a4 Kb8 24. a5 Na8 25. Nf5 Qd7 26. Ra1 Rc5 27. h6 g6 28. Ng7 Nc7
29. Kg3 Bc8 30. Ra4 f5 31. gxf5 gxf5 32. Nxf5 Nxd5 33. exd5 Qxf5 34. Rh4 Qg6+
35. Kf2 Qxc2+ 36. Qe2 Qxe2+ 37. Kxe2 Bd7 38. Ra1 Bf5 39. Rg1 Bg6 40. Ke3 Kc8
41. Rhg4 Rc7 42. Rh4 Kd8 43. Rgg4 Rcf7 44. Rg3 Rf4 45. Rhg4 Bh5 46. Rg7 Rxf3+
47. Rxf3 Rxf3+ 48. Kd2 Bg6 49. Rxa7 Rf2+ 50. Ke3 Rxb2 51. Rxa6 Kd7 52. Ra7+ Kc8
53. Ra6 Rb3 54. Rc6+ Kb7 55. Rxc4 Ka6 56. Kd2 Kxa5 57. Rc6 Rb6 58. Rc4 Rb2+ 59.
Ke1 Rh2 60. Rc6 Kb4 61. Nd1 Rxh6 62. Rxd6 Kc5 63. Rd8 Bf7 64. Ne3 Ra6 65. Kf2
Bg6 66. Kf3 Rd6 67. Rc8+ Kd4 68. Rc4+ Kd3 69. Rc6 Rxc6 70. dxc6 Be4+ 71. Kf2
Bxc6 72. Ng4 Kd4 73. Kg3 Bd7 74. Nh6 Be6 0-1

[Event "NACHOD NIKI OPEN 2008"]
[Site "Nachod"]
[Date "2008.??.??"]
[Round "9.17"]
[White "Stepan, Michal"]
[Black "Necada, Martin"]
[Result "1/2-1/2"]
[WhiteElo "2040"]
[BlackElo "2142"]
[PlyCount "124"]
[EventDate "2008.06.28"]

1. d4 Nf6 2. Nc3 d6 3. e4 g6 4. Bc4 Bg7 5. Nf3 O-O 6. Qe2 Bg4 7. Bg5 Nc6 8.
O-O-O Nd7 9. Qe3 Na5 10. Bb3 c5 11. dxc5 Nxb3+ 12. axb3 Nxc5 13. e5 Bxf3 14.
gxf3 Bxe5 15. f4 Bf6 16. Nd5 Bxg5 17. fxg5 Re8 18. h4 h5 19. gxh6 Kh7 20. h5
Rc8 21. Kb1 Qd7 22. Rhg1 Qe6 23. hxg6+ fxg6 24. Qg5 Ne4 25. Qe3 Qf5 26. Nf4 Rg8
27. f3 e5 28. Nd3 Nc5 29. Rg5 Qf6 30. Nf2 Ne6 31. Ne4 Qf4 32. Qxf4 exf4 33. Rb5
Kxh6 34. Rxb7 Rc7 35. Rxc7 Nxc7 36. Rxd6 Rg7 37. c4 Kh5 38. b4 g5 39. b5 Re7
40. Kc2 Ne8 41. Rd5 Kh4 42. Kd3 g4 43. fxg4 Kxg4 44. Rd8 Kf3 45. Nd2+ Kg2 46.
c5 f3 47. c6 f2 48. Rd7 Re5 49. Kc4 Re2 50. Rd5 Rxd2 51. Rxd2 Kf3 52. Rxf2+
Kxf2 53. b6 axb6 54. Kb5 Ke3 55. Kxb6 Kd4 56. b4 Kd5 57. b5 Nd6 58. c7 Nc8+ 59.
Kb7 Nd6+ 60. Ka6 Nc8 61. Kb7 Nd6+ 62. Ka6 Nc8 1/2-1/2

[Event "NACHOD NIKI OPEN 2008"]
[Site "Nachod"]
[Date "2008.??.??"]
[Round "9.18"]
[White "Gerych, Jan"]
[Black "Sakar, Milos"]
[Result "1/2-1/2"]
[WhiteElo "2062"]
[BlackElo "2090"]
[PlyCount "133"]
[EventDate "2008.06.28"]

1. d4 Nf6 2. Bg5 Ne4 3. Bh4 d5 4. Nf3 c6 5. e3 Qa5+ 6. c3 Qb6 7. Qc2 Bf5 8. Bd3
g6 9. O-O Nd7 10. c4 Nd6 11. c5 Bxd3 12. Qxd3 Qb5 13. Qxb5 Nxb5 14. a4 Nc7 15.
Nc3 Bg7 16. b4 e5 17. Bg3 exd4 18. exd4 Ne6 19. Rae1 O-O 20. Bd6 Rfe8 21. Ne5
Nxe5 22. dxe5 Nf4 23. Re3 d4 24. Re4 dxc3 25. Rxf4 Bxe5 26. Bxe5 Rxe5 27. Rc4
Rae8 28. Rxc3 Re4 29. Rb3 Rc4 30. g3 Ree4 31. Rfb1 a6 32. R1b2 Kg7 33. f3 Red4
34. Kf2 f5 35. Ke3 f4+ 36. gxf4 Rxf4 37. b5 axb5 38. axb5 Rf7 39. bxc6 bxc6 40.
Rb7 Rxb7 41. Rxb7+ Kh6 42. Kf2 Rxc5 43. Rc7 Rc2+ 44. Kg3 Rc1 45. h4 c5 46. Kg2
c4 47. Kh2 c3 48. Kh3 Rh1+ 49. Kg3 Rc1 50. Kh3 c2 51. Kg2 g5 52. hxg5+ Kxg5 53.
Rc4 Kf5 54. Kh2 Ke5 55. Kg2 Kd5 56. Rc8 h5 57. Rd8+ Ke6 58. Rc8 h4 59. Kh2 Kf5
60. Rf8+ Kg5 61. f4+ Kg4 62. Rg8+ Kxf4 63. Rf8+ Ke5 64. Re8+ Kd6 65. Rc8 h3 66.
Rc3 Ke5 67. Rc8 1/2-1/2

[Event "NACHOD NIKI OPEN 2008"]
[Site "Nachod"]
[Date "2008.??.??"]
[Round "9.19"]
[White "Sykora, Petr"]
[Black "Srejber, Michal"]
[Result "0-1"]
[WhiteElo "2070"]
[BlackElo "1959"]
[PlyCount "48"]
[EventDate "2008.06.28"]

1. c4 Nf6 2. g3 g6 3. Bg2 Bg7 4. Nf3 O-O 5. O-O c5 6. Nc3 d6 7. b3 Nc6 8. Bb2
Bg4 9. h3 Bd7 10. Re1 Qc8 11. Kh2 Ne4 12. Qc2 Nxf2 13. Ng1 f5 14. Nd5 e5 15. e3
Ne4 16. Bxe4 fxe4 17. Rf1 Bf5 18. g4 Bxg4 19. Rxf8+ Qxf8 20. hxg4 Qf2+ 21. Kh3
g5 22. Qxe4 Rf8 23. Qf5 Rxf5 24. gxf5 h5 0-1

[Event "NACHOD NIKI OPEN 2008"]
[Site "Nachod"]
[Date "2008.??.??"]
[Round "9.20"]
[White "Pavlicek, Petr"]
[Black "Mareckova, Martina"]
[Result "0-1"]
[WhiteElo "2111"]
[BlackElo "2045"]
[PlyCount "82"]
[EventDate "2008.06.28"]

1. c4 Nf6 2. Nc3 g6 3. Nf3 Bg7 4. g3 d6 5. d4 Nbd7 6. Bg2 O-O 7. O-O e5 8. e4
a5 9. h3 b6 10. Qc2 Bb7 11. Be3 Re8 12. Rfd1 Qc8 13. Rac1 Nxe4 14. Ne2 exd4 15.
Nfxd4 Nec5 16. Nf4 Bxg2 17. Kxg2 Qb7+ 18. Kh2 Ne6 19. Nb5 Ne5 20. Nd5 f5 21. f4
Nd7 22. Qg2 Kh8 23. Ndxc7 Qxg2+ 24. Kxg2 Nxc7 25. Nxc7 Rxe3 26. Nxa8 Bxb2 27.
Rc2 Ba3 28. Nc7 Nf6 29. Nb5 Ne4 30. Nxa3 Rxg3+ 31. Kh2 Rxa3 32. Rb1 Kg7 33. Rb3
Ra4 34. Rxb6 Ra3 35. Rb3 Ra4 36. Kg2 h6 37. h4 Nc5 38. Rb6 Ne4 39. Rb7+ Kf6 40.
Rh7 Ra3 41. Rxh6 Kg7 0-1